Statistiken für Gemeinden Landkreis Ansbach

Klicken Sie hier um das Quiz zu spielen!

Allgemein

  • Dieses Quiz wurde 34 mal gespielt
  • Das Durchschnittsergebnis liegt bei 19 aus 58

Antwortstatistiken

EinwohnerGemeindeartGemeinde% Korrekt
12.479StadtFeuchtwangen
89%
11.391Große KreisstadtRothenburg ob der Tauber
89%
11.836Große KreisstadtDinkelsbühl
85%
8.048StadtHerrieden
74%
3.119StadtWolframs-Eschenbach
59%
3.131MarktLehrberg
48%
5.633StadtLeutershausen
44%
3.897MarktLichtenau
44%
2.036MarktColmberg
41%
9.702StadtHeilsbronn
41%
2.850StadtSchillingsfürst
41%
1.786MarktDombühl
37%
1.913GemeindeEhingen
37%
2.328MarktFlachslanden
37%
3.526GemeindeSachsen bei Ansbach
37%
6.053StadtWassertrüdingen
37%
1.131GemeindeDiebach
33%
3.000StadtMerkendorf
33%
1.619StadtOrnbau
33%
2.909MarktSchopfloch
33%
2.151GemeindeWilburgstetten
33%
2.982GemeindeAurach
30%
6.005MarktBechhofen
30%
5.561MarktDietenhofen
30%
7.955GemeindeNeuendettelsau
30%
3.641GemeindeSchnelldorf
30%
6.050StadtWindsbach
30%
1.834GemeindeWörnitz
30%
1.329GemeindeBruckberg
26%
1.041GemeindeBurk
26%
2.346MarktDentlein am Forst
26%
1.719GemeindeGebsattel
26%
1.166GemeindeInsingen
26%
1.632GemeindeMitteleschenbach
26%
1.604GemeindeMönchsroth
26%
2.104GemeindeNeusitz
26%
625GemeindeOhrenbach
26%
4.932GemeindePetersaurach
26%
931GemeindeAdelshofen
22%
2.254MarktArberg
22%
1.039GemeindeBuch am Wald
22%
3.473GemeindeBurgoberbach
22%
2.575MarktDürrwangen
22%
968GemeindeGerolfingen
22%
1.322GemeindeGeslau
22%
2.027GemeindeLangfurth
22%
726GemeindeRöckingen
22%
1.250GemeindeRügland
22%
1.225GemeindeSteinsfeld
22%
1.383MarktWeiltingen
22%
1.325GemeindeWieseth
22%
1.051GemeindeWindelsbach
22%
1.284GemeindeWittelshofen
22%
2.270MarktWeidenbach
19%
2.898GemeindeWeihenzell
19%
1.007GemeindeWettringen
19%
1.638GemeindeOberdachstetten
15%
881GemeindeUnterschwaningen
11%

Verteilung der Resultate

Perzentil nach korrekt beantworteten Fragen

Anzahl Personen mit jedem Resultat

Ihre Resultats-Entwicklung

Sie haben dieses Quiz noch nicht gespielt